000
00351nam a2200133Ia 4500
008
151001s9999||||xx |||||||||||||| ||und||
100
_a
द र कवठेकर
245
_a
आपुलकीची झळ
250
_a
1
260
_b
ललित साहित्य प्रकाशन
260
_c
1962
300
_a
236
365
_b
7
999
_c
953112
_d
953109